| 000 | 00563nam a22001817a 4500 | ||
|---|---|---|---|
| 999 |
_c41263 _d41263 |
||
| 003 | OSt | ||
| 005 | 20210412130134.0 | ||
| 008 | 210412b ||||| |||| 00| 0 eng d | ||
| 020 | _a8172047010 | ||
| 040 | _coclc | ||
| 082 |
_a297 _bQAR/I |
||
| 100 |
_91792 _aQaradawi, Yusuful |
||
| 245 |
_aIslamum Daridrya Nirmarjanavum/ _cDr. Yusuful Qardawi |
||
| 260 |
_aKozhikode: _bIslamic Publishing House |
||
| 300 | _a139 pages | ||
| 500 | _aOriginal: Mushkilathul Faqri Wa Kaifa 'alajahal Islam | ||
| 942 |
_2ddc _cBK _h297 _iQAR/I _k297 _mQAR/I |
||